| 000 | 00562nam a22001817a 4500 | ||
|---|---|---|---|
| 999 |
_c163339 _d163339 |
||
| 005 | 20190410144426.0 | ||
| 010 | _aB-148330 | ||
| 020 | _a0070586691 | ||
| 035 | _aB-148330 | ||
| 037 | _bTata McGraw-Hill Publishing Company | ||
| 082 | _a658.8 | ||
| 100 | _aBowersox, Donald J. | ||
| 245 |
_aStrategic marketing channel management by/ _cDonald J. Bowersox {and} M.Bixby Cooper |
||
| 260 |
_aNew Delhi _bTata McGraw-Hill Company Limited _c2004 |
||
| 300 |
_a488p. _c24cm(pbk) |
||
| 700 | _aCooper, M. Bixby | ||
| 942 |
_2ddc _cEN _h658.8 _mBOW |
||